Partis nationalistes, autonomie et clans en corse /

Bewaard in:
Bibliografische gegevens
Hoofdauteur: Molas, Isidre
Formaat: Texto
Onderwerpen:
Tags: Voeg label toe
Geen labels, Wees de eerste die dit record labelt!

MARC

LEADER 00000 a a2200000 04500
001 1843
003
040
100 |a Molas, Isidre  
245 |a Partis nationalistes, autonomie et clans en corse /  |c Isidre Molas 
650 |a PARTIDOS POLITICOS  
650 |a NACIONALISMO  
650 |a FRANCIA  
773 |g número 4; páginas 5-41  
999 |c 21647  |d 21647